000 00692nam a2200217Ia 4500
003 OSt
005 20240702140230.0
008 210716s2002 xx 000 0 und d
040 _cAIMIT LIBRARY
041 _aeng
082 _a374.22
_23
_bSACS
100 _aSachdeva, S K.
_9172266
245 _aGroup discussions :
_bat a glance /
_cEdited by S K Sachdeva.
250 _a3rd ed.
260 _aNew Delhi ;
_bSudha publications(P) Ltd ,
_c2002.
300 _a344p. ;
_bPB
_c20 cm
650 _aWhat is group discussion
_9172267
650 _aIndian press is not all that free
_9172268
650 _aIndia's five year plans have failed badly
_9172269
942 _2ddc
_cBK
_e3rd
_k374.22 SACS
999 _c197799
_d197799